| 000 | 00484nam a2200169Ia 4500 | ||
|---|---|---|---|
| 005 | 20250923150345.0 | ||
| 008 | 008 250917s9999 xx 000 0 eng d | ||
| 037 | _aTextual | ||
| 040 |
_aDSWL _beng _cDSWL |
||
| 041 |
_aeng _2eng |
||
| 084 |
_aX9(D85).4477, Q8 _qDSWL |
||
| 245 | 0 |
_aWater conflicts in Northeast India _cEd.by K.J. Joy |
|
| 260 |
_aNew york _b Routledge _c2018 |
||
| 300 | _a271 p. | ||
| 942 |
_cTEXL _hX9(D85).4477, Q8 |
||
| 999 |
_c1462591 _d1462591 |
||